00813nam a22002291 450000100060000000300080000600500170001400800390003103500190007003500180008904000410010704100080014808200250015610000340018124501130021526000580032830000250038650400390041160000680045060000300051860000350054822118BD-RjUL20211209000753.0140306s1962 enk b 001 0ceng a(BD-RjUL)22183 a(OCoLC)396663 aDLCcODaWUdOCoLCdDLCdBD-RjULbeng aeng00a920.009033bDOT 19621 aDobrée, Bonamy,d1891-1974.10aThree eighteenth century figures : bSarah Churchill, John Wesley [and] Giacomo Casanova /cBonamy Dobrée. aLondon ;aNew York :bOxford University Press,c1962. axi, 248 p. ;c23 cm. aIncludes bibliographies and index.10aMarlborough, Sarah Jennings Churchill,cDuchess of,d1660-1744.10aWesley, John,d1703-1791.10aCasanova, Giacomo,d1725-1798.